| 000 | 00750nam a2200229 i 4500 | ||
|---|---|---|---|
| 001 | 34613 | ||
| 003 | ES-MaACL | ||
| 005 | 20250816062528.0 | ||
| 007 | t| | ||
| 008 | 030207s1972 sp |||| | spa d | ||
| 100 | 1 |
_aBlumer, Giovanni. _929598 |
|
| 245 | 1 | 3 |
_aLa revolución cultural china (1965-1967) / _cGiovanni Blumer ; [traducción de Carles Reig]. |
| 250 | _a1ª ed. | ||
| 260 |
_a[Barcelona] : _bPenínsula, _c1972. |
||
| 300 |
_a427 p. ; _c20 cm. |
||
| 490 | 1 |
_aHistoria, ciencia, sociedad ; _v87 |
|
| 651 | 4 |
_aChina- _xHistoria- _y1966-1969, Revolución cultural. _9159985 |
|
| 700 | 1 |
_aReig, Carles. _995988 |
|
| 830 | 0 | 0 |
_aHistoria, ciencia, sociedad (Península) _v87 _9177444 |
| 852 |
_aES-MaACL _jC-43174 |
||
| 999 |
_c34613 _d34613 |
||